01028nam a2200289Ia 450000500170000000800410001702000190005810000280007724501000010525000190020530000490022449000150027365000500028865000520033865000410039070000380043170000280046970000280049794200150052526400490054033600270058933700330061633800280064904000350067708400110071299900150072320220317001210.0160825s2008 mx a g 000 0 spa  a978968167060121 aGrimm, Jacobd1785-186310aHansel y GretelcHermanos Grimm ; ilustrado por Anthony Browne ; traducción Miriam Martínez a1a. edición  a32 páginasbilustraciones en color c31 cm aClásicos142LEMBaCuentos infantiles alemanesySiglo XIX 142LEMB aLiteratura infantil alemana ySiglo XIX 142LEMB aFantasías en la literatura 1 aGrimm, Wilhelmd1786-1859 9188801 aBrowne, Anthony 9674931 aBrowne, Anthony 967493 2loccBKINF aMéxicobFondo de Cultura Económicac2008 atextobtxt2rdacontent asin mediaciónbn2rdamedia avolumenbnc2rdacarrier aCO-BoRNBPbspaerdacCO-BoRNBP aC GRI1 c6212d6212